Biodiversity and geological conservation - statutory obligations and their impact within the planning system (Record no. 104505)
[ view plain ]
| 000 -LEADER | |
|---|---|
| fixed length control field | 01756cam a2200277 4500 |
| 001 - CONTROL NUMBER | |
| control field | L130650 |
| 008 - FIXED-LENGTH DATA ELEMENTS--GENERAL INFORMATION | |
| fixed length control field | 050822n2005 000 0 eng u |
| 020 ## - INTERNATIONAL STANDARD BOOK NUMBER | |
| International Standard Book Number | 0117539511 |
| 035 ## - SYSTEM CONTROL NUMBER | |
| System control number | (Sirsi) u130650 |
| 041 ## - LANGUAGE CODE | |
| Language code of text/sound track or separate title | eng |
| 110 ## - MAIN ENTRY--CORPORATE NAME | |
| Corporate name or jurisdiction name as entry element | Office of the Deputy Prime Minister |
| 9 (RLIN) | 4685 |
| 245 ## - TITLE STATEMENT | |
| Title | Biodiversity and geological conservation - statutory obligations and their impact within the planning system |
| Medium | [electronic resource] |
| 260 ## - PUBLICATION, DISTRIBUTION, ETC. | |
| Place of publication, distribution, etc. | London |
| Name of publisher, distributor, etc. | ODPM |
| Date of publication, distribution, etc. | 2005 |
| 300 ## - PHYSICAL DESCRIPTION | |
| Extent | 88p |
| 490 ## - SERIES STATEMENT | |
| Series statement | ODPM Circular |
| 490 ## - SERIES STATEMENT | |
| Series statement | DEFRA Circular |
| 520 ## - SUMMARY, ETC. | |
| Summary, etc. | This joint Circular (ODPM Circular 06/2005/DEFRA Circular 01/2005) provides administrative guidance on the application of the law relating to planning and nature conservation as it applies in England. The Circular complements the new national planning policy published in "Planning Policy Statement 9: biodiversity and geological conservation" (PPS9) (L130648). Brings together advice on sources of legislation which may be encountered by planning authorities in respect of internationally designated sites, nationally designated sites, the conservation of habitats and species outside designated sites, the conservation of species protected by law and other duties and use of statutory powers by planning authorities. |
| 590 ## - LOCAL NOTE (RLIN) | |
| Local note | IKA300805 |
| 650 ## - SUBJECT ADDED ENTRY--TOPICAL TERM | |
| Topical term or geographic name entry element | PLANNING POLICY STATEMENT NINE |
| 650 ## - SUBJECT ADDED ENTRY--TOPICAL TERM | |
| Topical term or geographic name entry element | ODPM CIRCULAR 06/2005 |
| 650 ## - SUBJECT ADDED ENTRY--TOPICAL TERM | |
| Topical term or geographic name entry element | DEFRA CIRCULAR 01/2005 |
| 690 ## - LOCAL SUBJECT ADDED ENTRY--TOPICAL TERM (OCLC, RLIN) | |
| Topical term or geographic name as entry element | ENVIRONMENTAL AND LAND CONSULTANCY-PLANNING AND DEVELOPMENT-PLANNING GUIDANCE |
| 710 ## - ADDED ENTRY--CORPORATE NAME | |
| Corporate name or jurisdiction name as entry element | Department for Environment, Food and Rural Affairs |
| 9 (RLIN) | 4094 |
| 856 ## - ELECTRONIC LOCATION AND ACCESS | |
| Uniform Resource Identifier | <a href="https://www.communities.gov.uk/documents/planningandbuilding/pdf/147570.pdf">https://www.communities.gov.uk/documents/planningandbuilding/pdf/147570.pdf</a> |
| Public note | View the Circular free of charge at www.communities.gov.uk... |
| 942 ## - ADDED ENTRY ELEMENTS (KOHA) | |
| Suppress in OPAC | 0 |
| Withdrawn status | Lost status | Source of classification or shelving scheme | Damaged status | Not for loan | Home library | Current library | Shelving location | Date acquired | Total Checkouts | Full call number | Barcode | Date last seen | Copy number | Price effective from | Koha item type |
|---|---|---|---|---|---|---|---|---|---|---|---|---|---|---|---|
| Dewey Decimal Classification | Virtual | Virtual | Online | 22/08/2005 | ONLINE PUBLICATION | 130650-2001 | 06/08/2019 | 1 | 06/08/2019 | Book |